| 000 | 00548nam a22002177a 4500 | ||
|---|---|---|---|
| 003 | OSt | ||
| 005 | 20151104100900.0 | ||
| 008 | 130308t xxu||||| |||| 00| 0 eng d | ||
| 020 | _a9780099909200 | ||
| 050 |
_aPS 3515 _b.H488 1994 |
||
| 082 |
_aIB 808.83 _bH37g 1994 |
||
| 100 | _aHemingway, Ernest | ||
| 245 |
_aGreen hills of Africa _cby Ernest Hemingway / |
||
| 260 |
_aLondon : _bArrow Books, _cc1994. |
||
| 300 |
_c18 cm. _a211 pages., |
||
| 562 | _e3 | ||
| 942 |
_2lcc _cBK |
||
| 999 |
_c2239 _d2239 |
||